00330nam a2200145Ia 4500003000400000005001700004008004100021040000700062041000800069082001900077100001900096245002700115260002900142365001300171OSt20230607161927.0210423s2000 xx 000 0 und d cAL aeng a155.6 MEHA223 aMETHA (Manju). aAdolescent psychology. bPointer Publishersc2000 b350cINR